000 01066nam a22002537a 4500
003 NALT
005 20211130164510.0
008 s2546 th tha d
020 _a9741326351
040 _aNALT
041 _atha
090 _aว HN700.55.A8 ธ477ห 2546
100 0 _aธันวา ใจเที่ยง
245 1 0 _aหมู่บ้านชาวนาปฏิวัติบนแผ่นดินอีสานตอนบน /
_cธันวา ใจเที่ยง
260 3 _aกรุงเทพฯ :
_bสร้างสรรค์,
_c2546
300 _a193 หน้า :
_b ภาพประกอบ ;
_c 21 ซม.
650 0 4 _aสังคมชาวนา -- วิจัย
650 0 4 _aหมู่บ้าน -- ไทย -- วิจัย
650 0 4 _aหมู่บ้าน -- ไทย (ภาคอีสาน) -- วิจัย
650 0 4 _aเศรษฐกิจชุมชน -- วิจัย
850 _aNALT
942 _cRSH
_2lcc
998 _bBENJALUCK SUTTHIWILAI
_j109
_k อารีรัตน์ วิชาช่าง
999 _c32091
_d32091